Re-centering women in tourism : anti-colonial feminist studies /

Re-Centering Women in Tourism addresses tourism as simultaneously empowering women and reproducing colonial hierarchies. By centering women's multivalent lived experiences in tourism projects, this collection reframes the very presuppositions on which tourism initiatives are based and helps ima...

Full description

Bibliographic Details
Other Authors: Riemer, Frances Julia, 1955- (Editor), Babb, Florence E. (writer of foreword.)
Format: Book
Language:English
Published: Lanham, Maryland : Lexington Books, [2023].
Series:Anthropology of tourism: heritage, mobility, and society.
Subjects:

MARC

Tag First Indicator Second Indicator Subfields
LEADER 00000cam a2200000 i 4500
001 in00004728131
003 OCoLC
005 20230721132411.0
008 230315t20232023mdua b 001 0 eng
010 |a  2023006648 
040 |a DLC  |e rda  |c DLC 
020 |a 9781666901061  |q hardcover 
020 |a 1666901067  |q hardcover 
020 |z 9781666901078  |q electronic book 
035 |a (OCoLC)1377710933 
050 0 0 |a G156.5.W66  |b R44 2023 
082 0 0 |a 910.82  |2 23/eng/20230531 
245 0 0 |a Re-centering women in tourism :  |b anti-colonial feminist studies /  |c edited by Frances Julia Riemer ; foreword by Florence E. Babb. 
264 1 |a Lanham, Maryland :  |b Lexington Books,  |c [2023]. 
264 4 |c ©2023. 
300 |a xv, 220 pages :  |b illustrations ;  |c 24 cm. 
336 |a text  |b txt  |2 rdacontent 
337 |a unmediated  |b n  |2 rdamedia 
338 |a volume  |b nc  |2 rdacarrier 
490 1 |a Anthropology of tourism: heritage, mobility, and society 
504 |a Includes bibliographical references and index. 
505 0 |a Who invited the women? : the double bind of a culturally respectful female (or feminist?) traveler / Siân Stephens -- (Re)shaping the volunteer tourist bubble : the intersectional experiences of two women volunteers in Guatemala / Amy Kipp -- "Skanky stories" : breaking boundaries of sexual taboo in women's narratives / Emily Falconer -- Women's work and tourism in Negril, the capital of casual / Augusta Lynn Bolles -- Pedagogical tourism : the gendered coloniality of Spanish lessons in Guatemala / Sarah Becklake -- Linger, burned Bambu, aftermath nostalgia / Kris Maksymowicz -- "The baskets cannot send the children to school ": women, handicrafts, and tourism in Botswana's Okavango Delta / Frances Julia Riemer -- "My mother's recipe, my nation's narrative" : intersections of food, militarism, and masculinity in Maisa's kitchen / Lindsey B. Pullum -- Entrepreneurial domesticity : women on the forefront of touristic endeavors in Costa Rica / Karen Stocker -- Concluding thoughts / Frances Julia Riemer. 
520 |a Re-Centering Women in Tourism addresses tourism as simultaneously empowering women and reproducing colonial hierarchies. By centering women's multivalent lived experiences in tourism projects, this collection reframes the very presuppositions on which tourism initiatives are based and helps imagine sustainable and regenerative alternatives. 
650 0 |a Women in tourism. 
650 0 |a Tourism  |x Anthropological aspects. 
650 0 |a Feminist anthropology. 
700 1 |a Riemer, Frances Julia,  |d 1955-  |e editor. 
700 1 |a Babb, Florence E.,  |e writer of foreword. 
830 0 |a Anthropology of tourism: heritage, mobility, and society. 
945 |b 751360 
947 |a A14852463125 
948 |a dmitchel 7/21/23 8.20.10 
980 |b print  |c 40031783508  |f NONFIC/B  |g 565714  |k USD  |m 81.00  |q 1  |s AcqMono Conventional  |t Approval plan  |u Vendor order reference number  |v ZYBP  |y Print approval  |z Physical resource 
999 f f |i 1ae9f177-6495-4aa9-a445-a9bdcfb3a5a6  |s d3c95c7d-e9e1-4a94-a28c-3cbd6fd3fca6  |t 0 
952 f f |p normal  |a Texas A&M University  |b College Station  |c Sterling C. Evans Library  |s Evans stk  |d Evans: Library Stacks  |t 0  |e G156.5.W66 R44 2023  |h Library of Congress classification  |i unmediated -- volume  |m A14852463125